Never A Land Book : (Record no. 9384)
[ view plain ]
| 000 -LEADER | |
|---|---|
| fixed length control field | 00942nam a22002297a 4500 |
| 003 - CONTROL NUMBER IDENTIFIER | |
| control field | OSt |
| 005 - DATE AND TIME OF LATEST TRANSACTION | |
| control field | 20260414045439.0 |
| 008 - FIXED-LENGTH DATA ELEMENTS--GENERAL INFORMATION | |
| fixed length control field | 260414b |||||||| |||| 00| 0 eng d |
| 020 ## - INTERNATIONAL STANDARD BOOK NUMBER | |
| International Standard Book Number | 0786837915 |
| 040 ## - CATALOGING SOURCE | |
| Original cataloging agency | DWCL GS lib |
| Transcribing agency | OC |
| 082 ## - DEWEY DECIMAL CLASSIFICATION NUMBER | |
| Classification number | Fic. B279 2008 |
| 100 ## - MAIN ENTRY--PERSONAL NAME | |
| Personal name | Berry, Dave |
| 245 ## - TITLE STATEMENT | |
| Title | Never A Land Book : |
| Remainder of title | Blood Tide |
| Statement of responsibility, etc. | Dave Berry |
| 260 ## - PUBLICATION, DISTRIBUTION, ETC. | |
| Place of publication, distribution, etc. | United States |
| Name of publisher, distributor, etc. | Hyperion Books / Disney-Hyperion Books |
| Date of publication, distribution, etc. | c2008. |
| 300 ## - PHYSICAL DESCRIPTION | |
| Extent | 148 pages: |
| Other physical details | illustrations |
| Dimensions | 19cm. |
| 520 ## - SUMMARY, ETC. | |
| Summary, etc. | The Never Land Books are a series of short, fantastical adventure novels for younger readers written by Dave Barry and Ridley Pearson. Based on the Peter and the Starcatchers universe, these books focus on characters like the Mollusk Island natives, mermaids, and pirates in the adventures of Peter Pan's world. |
| 546 ## - LANGUAGE NOTE | |
| Language note | English |
| 650 ## - SUBJECT ADDED ENTRY--TOPICAL TERM | |
| Topical term or geographic name entry element | Children's Fantasy |
| 650 ## - SUBJECT ADDED ENTRY--TOPICAL TERM | |
| Topical term or geographic name entry element | Adventure |
| 700 ## - ADDED ENTRY--PERSONAL NAME | |
| Personal name | Ridley Pearson |
| 942 ## - ADDED ENTRY ELEMENTS (KOHA) | |
| Source of classification or shelving scheme | Dewey Decimal Classification |
| Koha item type | Fiction |
| Classification part | Fic. |
| Suppress in OPAC | No |
| 952 ## - LOCATION AND ITEM INFORMATION (KOHA) | |
| -- | |
| Withdrawn status | Lost status | Source of classification or shelving scheme | Damaged status | Not for loan | Home library | Current library | Shelving location | Date acquired | Source of acquisition | Total Checkouts | Full call number | Barcode | Date last seen | Copy number | Price effective from | Koha item type | Uniform Resource Identifier |
|---|---|---|---|---|---|---|---|---|---|---|---|---|---|---|---|---|---|
| Dewey Decimal Classification | Grade School Library | Grade School Library | Fiction | 04/14/2026 | School Fund, Donation | Fic. B279 2008 | 20096 | 04/14/2026 | c1 | 04/14/2026 | FIC. |